000 00366nam a2200133Ia 4500
008 151001s9999||||xx |||||||||||||| ||und||
100 _aसंजीव खुद्शाह
245 _aसफाई कामगार समुदाय
250 _a1
260 _bराधाकृष्ण
260 _c2005
300 _a146
365 _b22
999 _c990651
_d990648